Welcome to CU Library Online Public Access Catalogue (OPAC)

Readings in Modern Biology/ (Record no. 3221)

MARC details
000 -LEADER
fixed length control field 00414nam a22001457a 4500
005 - DATE AND TIME OF LATEST TRANSACTION
control field 20250129140625.0
008 - FIXED-LENGTH DATA ELEMENTS--GENERAL INFORMATION
fixed length control field 250129b |||||||| |||| 00| 0 eng d
020 ## - INTERNATIONAL STANDARD BOOK NUMBER
International Standard Book Number 9780314023780
050 ## - LIBRARY OF CONGRESS CALL NUMBER
Classification number QH308
Item number .M6
100 ## - MAIN ENTRY--PERSONAL NAME
Personal name Templin, Jay M.
245 ## - TITLE STATEMENT
Title Readings in Modern Biology/
Statement of responsibility, etc. Jay M. Templin
260 ## - PUBLICATION, DISTRIBUTION, ETC.
Place of publication, distribution, etc. Minneapolis/St. Paul
Name of publisher, distributor, etc. West Publishing Company
Date of publication, distribution, etc. 1993
300 ## - PHYSICAL DESCRIPTION
Extent vii. 207p.
Dimensions 27.5cm
942 ## - ADDED ENTRY ELEMENTS (KOHA)
Source of classification or shelving scheme Library of Congress Classification
Koha item type Books
Suppress in OPAC No
999 ## -
-- 3221
-- 3221
Holdings
Withdrawn status Lost status Source of classification or shelving scheme Damaged status Not for loan Collection Home library Current library Shelving location Date acquired Total checkouts Full call number Barcode Date last seen Copy number Price effective from Koha item type
    Library of Congress Classification     Non-fiction Science Library (Miotso) Science Library (Miotso) General stacks 01/29/2025   QH308 .M6 TEM SLM00002578 01/29/2025 1 01/29/2025 Books
© 2023-2024 Copyright: Central University Libraries. All Rights Reserved | Created by: Mahone Tech Office